000 01076nam a2200313 i 4500
003 EG-GICUC
005 20260414111647.0
008 260414s1928 fr ||||fr|||| 000 0 fre d
040 _aEG-GiCUC
_bfre
_cEG-GiCUC
_dEG-GiCUC
_eRda
041 _afre
082 0 4 _221
_a341.511
_bDE . O
092 0 4 _221
099 _aLaw1 11 341.511 DE . O 1928
100 1 _a De Francqueville, Bernard
_eAuteur
245 1 2 _aL'oeuvre De La Cour Permanente De Justice Internationale,
_nTome II.
_pAvis Et Arrets /
_cBernard De Francqueville.
264 1 _a Paris :
_bLes Éditions Internationales,
_c1928.
300 _a1083 page ;
_c 24 cm.
_billustration ;
336 _2rda contenu
_a texte
337 _2rda medias
_aOrdinateur
338 _2 transporteur rda
_a Ressource en ligne
504 _aBibliography: pages 200-250. 240-220
546 _aTexte en français
650 1 4 _aTribunaux internationaux
_2qrmak
651 1 _2qrmak
700 1 _a De Lapradelle, A.
856 4 0 _uhttps://fll.law.cu.edu.eg/fulltext/bks/B11-07161.pdf
905 _a79
942 _2ddc
_cBK
_e21
_n0
999 _c70826
_d70826